El arte de los indios norteamericanos: de la Costa Noroeste

Tallennettuna:
Bibliografiset tiedot
Päätekijät: Siebert, Erna (Tekijä), Forman, Werner (Tekijä)
Aineistotyyppi: Kirja
Kieli:espanja
Julkaistu: Ciudad de México Fondo de Cultura Económica 1967
Aiheet:
Tagit: Lisää tagi
Ei tageja, Lisää ensimmäinen tagi!

MARC

LEADER 00000nam a2200000 a 4500
001 UCY1205
003 CL-VaPUC
008 940824e19670000MX |||||||||||||||||spa|d
082 0 4 |a 709.011  |b SIE  |2 21 
100 0 |a Siebert, Erna  |e author  |9 329126 
700 0 |a Forman, Werner  |e author  |9 329127 
245 1 3 |a El arte de los indios norteamericanos: de la Costa Noroeste 
300 |a 47 p 
942 |c BK 
945 |d 19940824 00:00:00  |a oaravena 
260 |a Ciudad de México  |b Fondo de Cultura Económica  |c 1967 
650 7 |a INDIOS ARTE  |2 CL-VaPUC  |9 268439 
650 0 |a Arte primitivo  |v Obras ilustradas  |9 329128 
583 |a last modification  |c 19940824 00:00:00  |k Rodrigo Vera 
999 |c 229981  |d 229979 
952 |0 0  |1 0  |4 0  |6 709_011000000000000_SIE_1967  |7 0  |8 A  |9 231751  |a BIBARQ  |b BIBARQ  |d 2019-11-15  |i 3001881  |o 709.011 SIE 1967  |p 3001881  |r 2025-01-20  |w 2019-11-15  |y BK  |k ARQ